000
00300nam a22001337a 4500
008
170808b xxu||||| |||| 00| 0 eng d
020
_a
9780201688627
041
_a
eng
080
_2
2ND
_a
004
100
_a
35
101
_a
SHK
245
_a
HTML FOR THE WORLD WIDE WEB
_c
CASTRO,E
942
_2
udc
_c
BK
999
_c
22899
_d
22899